000 02262cam a22004574i 4500
003 PE-LiUPU
005 20250731184602.0
008 150616s1978 sp a r 000 0 spa d
035 _a(Sirsi) a5318
040 _aPE-LiUPU
_bspa
_cPE-LiUPU
_dPE-LiUPU
_erda
049 _aPRUA
082 0 4 _a962.01
_bV86
_221
100 1 _aVon Haag, Michael,
_eautor.
245 1 0 _aEgipto /
_cMichael Von Haag.
264 1 _aBarcelona :
_bEditorial Molino,
_c1978.
300 _a61 páginas :
_bilustraciones ;
_c29 centímetros
336 _atext
_2rdacontent
337 _aunmediated
_2rdamedia
338 _avolume
_2rdacarrier
505 0 _aEgipto, un don del río Nilo -- Los albores de la historia -- El carácter de los egipcios -- Una nación religiosa -- Costumbres y supersticiones -- Vida familiar -- Educación para el cambio -- Los medios de comunicación y la lengua -- La gastronomía egipcia -- El arte de comprar -- De viaje por Egipto -- Los recursos del suelo -- El Cairo, la ciudad predominante -- El país de los faraones -- Conquistadores árabes y soberanos turcos -- El despertar -- Leyendas y héroes -- Deportes y tiempo libre -- Conservando el pasado de Egipto -- La revolución -- De la artesanía a la industria -- La influencia de Egipto en el mundo -- Cómo evoluciona Egipto -- Referencia: geografía y gobierno -- referencia: historia -- Referencia: la economía -- Diccionario geográfico.
526 _aP136
526 _aP135
526 _aP134
526 _aP133
526 _aP144
526 _aP143
526 _aP87
526 _aP35
526 _aP20
526 _aP14
526 _aP10
526 _aP06
650 0 4 _aEgipto - Descripciones y viajes.
910 _ajck
_bjvq
_cjck
942 _2ddc
_cBOOK
949 _a962.01 V86
_wDEWEY
_c1
_i21685
_lCCODEBUL1
_mBUL
_p24.00
_r0
_sY
_tBOOK
_u2015-04-23
_xEDUCACION
_PP20
_0COMPRA
_o.STAFF. Colección Ciencias Humanas y Educación
994 _aC0
_bPEPRU
596 _a1
999 _a962.01 V86
_wDEWEY
_c55866
_i21685
_d55866
_e2017-6-5
_f2021-11-9
_g5
_lCCODEBUL1
_mBUL
_n3
_p24.00
_q1
_r0
_sY
_tBOOK
_u2015-4-23
_xEDUCACION
_PP20
_0COMPRA
_o.STAFF. Colección Ciencias Humanas y Educación
980 _81
_gALBERTO SANCHEZ Responsable de Automatización